| 000 | 00590nam a2200217Ia 4500 | ||
|---|---|---|---|
| 003 | BUBTL | ||
| 008 | 151213s9999 xx 000 0 und d | ||
| 082 | _a347.06/S2457l | ||
| 100 |
_aSarkar, S.C. _93888 |
||
| 245 |
_aCommentary on Law of Evidence _cS.C.Sarkar |
||
| 250 | _a1st | ||
| 260 |
_aAllahabad _bDwivedi Law Agency _c c 2005 |
||
| 300 |
_a[cixiv] , 1032 p . : _b24 cm. |
||
| 500 | _aIncludes Index. | ||
| 650 |
_aLaw _93889 |
||
| 650 |
_aLaw _93889 |
||
| 700 |
_aS.C.Sarkar _93890 |
||
| 856 |
_k0 _l0 _yDownload |
||
| 942 |
_2ddc _cBK |
||
| 999 |
_c2254 _d2254 |
||